01117cam a2200289 a 450000100100000000500170001000800410002704000250006808200170009324501860011024600130029624600260030924600260033524600240036124600240038526000410040930000210045065000310047165000350050270000430053770000230058070000230060370000300062670000300065695201260068699900150081200000136220200929145544.0750130s1965 xx 000 0 eng  aDO-SdBNPbspacBNPHU a813.54bS43800aSea Jade. Kennedy without tears. If morning ever comes. The ziegfelds' girl. A vanishing america /cPhyllis A. Whitney, Tom Wicker, Anne Tyler, Patricia Ziegfeld, Thomas C. Wheeler.11aSea jade11aKennedy without tears11aIf morning ever comes11aThe ziegfelds' girl11aA vanishing america aNew York :bNelson Doubleday,c1965. a445 p. ;c21 cm. 4aNovela estadounidense9262 4aLiteratura estadounidense92631 aWhitney, Phyllis A.,d1903-2008.945631 aWicker, Tom,945641 aTyler, Anne,945651 aZiegfeld, Patricia,945661 aWheeler, Thomas C.,94567 001053728MOaGRbGRcHDd2009-09-22iLF1l0o813.54 S438p1362-10r2020-06-25te. 1w2020-06-25y2ZPréstamo interno c1288d1288